| 000 | 00553nam a2200205Ia 4500 | ||
|---|---|---|---|
| 003 | LK-CoDNM | ||
| 005 | 20240318135032.0 | ||
| 008 | 010623t1914 xxu||||| |||| 00| 1 Pali d | ||
| 040 |
_aLK-CoDNM _dLK-CoDNM _eLK-CoDNM |
||
| 041 | _aPali | ||
| 080 | _a104 II21 | ||
| 100 | _aGirimananda thero,Galtota | ||
| 245 | _aකාත්යායන සන්නය | ||
| 246 | _aKattyayana Sannaya | ||
| 260 |
_bA.U.Silva _aCplpmbo _c1914 |
||
| 300 |
_bDamaged _a172p.,21 cm |
||
| 650 | _aBuddhism | ||
| 700 |
_aTissa thero,Ariyajothi _eed. |
||
| 942 | _cBK | ||
| 999 |
_c88146 _d88146 |
||